| 000 | 00850nam a2200229 i 4500 | ||
|---|---|---|---|
| 001 | 14290 | ||
| 003 | ES-MaACL | ||
| 005 | 20250911222624.0 | ||
| 007 | t| | ||
| 008 | 981203s1997 sp a |||| | spa d | ||
| 020 | _a84-8213-053-6 | ||
| 080 | _a946.0"1936/1939"(093.3) | ||
| 100 | 1 |
_aPons Prades, Eduardo. _993024 |
|
| 245 | 1 | 4 |
_aLas guerras de los niños republicanos _b: (1936-1995) / _cEduardo Pons Prades ; prólogo, Eduardo Haro Tecglen ; epílogo, Paco Lobatón. |
| 260 |
_aMadrid : _bCompañía Literaria, _c1997. |
||
| 300 |
_a557 p. : _bil. ; _c21 cm. |
||
| 651 | 4 |
_aEspaña- _xHistoria- _y1936-1939, Guerra civil- _vRelatos personales. _98326 |
|
| 700 | 1 |
_aHaro Tecglen, Eduardo, _d1924-2005 _961879 |
|
| 700 | 1 |
_aLobatón, Paco. _973003 |
|
| 852 |
_aES-MaACL _jL-21558 _z. - Dedicatoria autógrafa del autor |
||
| 999 |
_c14290 _d14290 |
||